ملحمة العرب سيرة عنترة بن شداد : (Record no. 8021)

MARC details
000 -LEADER
fixed length control field 00671nam a22001937a 4500
003 - CONTROL NUMBER IDENTIFIER
control field OSt
005 - DATE AND TIME OF LATEST TRANSACTION
control field 20251029151029.0
008 - FIXED-LENGTH DATA ELEMENTS--GENERAL INFORMATION
fixed length control field 251029b |||||||| |||| 00| 0 eng d
020 ## - INTERNATIONAL STANDARD BOOK NUMBER
International Standard Book Number 9789953542287
Terms of availability اهداء
040 ## - CATALOGING SOURCE
Transcribing agency .
082 ## - DEWEY DECIMAL CLASSIFICATION NUMBER
Classification number 398.209536 E715
100 ## - MAIN ENTRY--PERSONAL NAME
Personal name عكاوي ,رحاب
245 ## - TITLE STATEMENT
Title ملحمة العرب سيرة عنترة بن شداد :
Remainder of title مع دراسة مقارنة للسيرة في الملاحم العالمية/
Statement of responsibility, etc. رحاب عكاوي
250 ## - EDITION STATEMENT
Edition statement ط 1
260 ## - PUBLICATION, DISTRIBUTION, ETC.
Name of publisher, distributor, etc. بيروت ,دار الحرف العربي
300 ## - PHYSICAL DESCRIPTION
Extent 432 ص
Dimensions 24 سم
650 ## - SUBJECT ADDED ENTRY--TOPICAL TERM
Geographic subdivision عنترة بن شداد — سيرة شعبية
942 ## - ADDED ENTRY ELEMENTS (KOHA)
Source of classification or shelving scheme Dewey Decimal Classification
Koha item type Arabic Book
Suppress in OPAC No
Holdings
Withdrawn status Lost status Source of classification or shelving scheme Damaged status Not for loan Home library Current library Date acquired Total Checkouts Full call number Barcode Date last seen Price effective from Koha item type
    Dewey Decimal Classification     KHOBAR KHOBAR 10/29/2025   398.209536 E715 1000000027379 10/29/2025 10/29/2025 Arabic Book